Detalles MARC
| 000 -CABECERA |
| campo de control de longitud fija |
01554nam a2200325 a 4500 |
| 003 - IDENTIFICADOR DEL NÚMERO DE CONTROL |
| campo de control |
DO-SdBNP |
| 005 - FECHA Y HORA DE LA ÚLTIMA TRANSACCIÓN |
| campo de control |
20260317110808.0 |
| 007 - CAMPO FIJO DE DESCRIPCIÓN FÍSICA--INFORMACIÓN GENERAL |
| campo de control de longitud fija |
ta |
| 008 - DATOS DE LONGITUD FIJA--INFORMACIÓN GENERAL |
| campo de control de longitud fija |
220421e2018 dr ad||f |||| 00| 0 spa d |
| 040 ## - FUENTE DE LA CATALOGACIÓN |
| Centro catalogador/agencia de origen |
DO-SdBNP |
| Lengua de catalogación |
spa |
| Centro/agencia transcriptor |
BNPHU |
| Normas de descripción |
rda |
| 041 ## - CÓDIGO DE LENGUA |
| Código de lengua del texto/banda sonora o título independiente |
spa |
| 082 #4 - NÚMERO DE LA CLASIFICACIÓN DECIMAL DEWEY |
| Número de clasificación |
xxx |
| Número de documento/Ítem |
E82m |
| Número de edición |
22 |
| 245 10 - MENCIÓN DE TÍTULO |
| Título |
Estudio del mercado laboral en el municipio de Santiago: |
| Resto del título |
necesidades de capacitación técnica y habilidades sociales / |
| Mención de responsabilidad, etc. |
Coordinación y supervisión, Kerim Fahara, Natalia Díaz Nieto; Editor, Piero Espinal Estévez; Diagramador, Juan José Vásquez |
| 264 #1 - PRODUCCIÓN, PUBLICACIÓN, DISTRIBUCIÓN, FABRICACIÓN Y COPYRIGHT |
| Producción, publicación, distribución, fabricación y copyright |
Santiago de los Caballeros, República Dominicana : |
| Nombre del de productor, editor, distribuidor, fabricante |
PRO-FyE, |
| Fecha de producción, publicación, distribución, fabricación o copyright |
2018. |
| 300 ## - DESCRIPCIÓN FÍSICA |
| Extensión |
23, [69] páginas : |
| Otras características físicas |
ilustraciones, gráficos ; |
| Dimensiones |
22 cm. |
| 336 ## - TIPO DE CONTENIDO |
| Término de tipo de contenido |
texto |
| Código de tipo de contenido |
txt |
| Fuente |
rdacontent |
| 337 ## - TIPO DE MEDIO |
| Nombre/término del tipo de medio |
sin mediación |
| Código del tipo de medio |
n |
| Fuente |
rdamedia |
| 338 ## - TIPO DE SOPORTE |
| Nombre/término del tipo de soporte |
volumen |
| Código del tipo de soporte |
nc |
| Fuente |
rdacarrier |
| 590 ## - NOTA LOCAL (RLIN) |
| Nota local |
Inventariado 2022 / MF |
| 650 #7 - PUNTO DE ACCESO ADICIONAL DE MATERIA--TÉRMINO DE MATERIA |
| Término de materia o nombre geográfico como elemento de entrada |
Mercado de trabajo |
| Subdivisión geográfica |
República Dominicana, Santiago de los Caballeros |
| Fuente del encabezamiento o término |
LIBRUNAM |
| 9 (RLIN) |
19058 |
| 650 #7 - PUNTO DE ACCESO ADICIONAL DE MATERIA--TÉRMINO DE MATERIA |
| Término de materia o nombre geográfico como elemento de entrada |
Mercado de trabajo |
| Subdivisión de forma |
Habilidades Sociales-Enseñanza |
| Subdivisión geográfica |
Santiago de los Caballeros, República Dominicana, |
| Fuente del encabezamiento o término |
LIBRUNAM |
| 9 (RLIN) |
19058 |
| 650 #4 - PUNTO DE ACCESO ADICIONAL DE MATERIA--TÉRMINO DE MATERIA |
| Término de materia o nombre geográfico como elemento de entrada |
Encuesta Laboral |
| Subdivisión geográfica |
Santiago de los Caballeros, República Dominicana, |
| 9 (RLIN) |
58064 |
| 700 1# - PUNTO DE ACCESO ADICIONAL--NOMBRE DE PERSONA |
| Nombre de persona |
Fahara, Kerim, |
| Término indicativo de función/relación |
coordinador |
| Código de función/relación |
coord. |
| 9 (RLIN) |
81485 |
| 700 1# - PUNTO DE ACCESO ADICIONAL--NOMBRE DE PERSONA |
| Nombre de persona |
Díaz Nieto, Natalia, |
| Término indicativo de función/relación |
coordinador |
| Código de función/relación |
coord. |
| 9 (RLIN) |
81486 |
| 700 1# - PUNTO DE ACCESO ADICIONAL--NOMBRE DE PERSONA |
| Nombre de persona |
Espinal Estévez, Piero, |
| Término indicativo de función/relación |
editor |
| Código de función/relación |
ed. |
| 9 (RLIN) |
75097 |
| 700 1# - PUNTO DE ACCESO ADICIONAL--NOMBRE DE PERSONA |
| Nombre de persona |
Vásquez, Juan José, |
| Término indicativo de función/relación |
diagramador |
| Código de función/relación |
diagr. |
| 9 (RLIN) |
78048 |
| 710 2# - PUNTO DE ACCESO ADICIONAL--NOMBRE DE ENTIDAD CORPORATIVA |
| Nombre de entidad corporativa o nombre de jurisdicción como elemento de entrada |
Programa de formación y Empleo (PRO-EyE) |
| 9 (RLIN) |
81487 |
| 910 ## - DATOS DE OPCIÓN DEL USUARIO (OCLC) |
| Datos de opción del usuario |
MFeliz |
| 942 ## - ELEMENTOS DE PUNTO DE ACCESO ADICIONAL (KOHA) |
| Fuente del sistema de clasificación o colocación |
Dewey Decimal Classification |
| Tipo de ítem Koha |
Folleto |